Trade liberalisation with imperfect competition. <The> large and small of it.

Model svetového obchodu pri existencii nedokonalo konkurenčných priemyselných odvetví vo vybraných krajinách, použiteľný na hodnotenie návrhov na liberalizáciu obchodu. Objem globálnych ziskov a liberalizácie multilaterálneho obchodu pre veľké a malé krajiny. Štruktúra dopytu a výroby vybraných odve...

Descrizione completa

Salvato in:
Dettagli Bibliografici
Autore principale: Nguyen, T.T
Altri autori: Wigle, R.M
Natura: Capitolo di libro
Lingua:inglese
Soggetti:
Tags: Aggiungi Tag
Nessun Tag, puoi essere il primo ad aggiungerne!!

MARC

LEADER 00000naa a2200000 4500
001 r008588
005 20221130112839.9
041 0 |a eng 
044 |a NL 
245 1 0 |a Trade liberalisation with imperfect competition.  |b <The> large and small of it.  |c T.T. Nguyen, R.M. Wigle 
520 |a Model svetového obchodu pri existencii nedokonalo konkurenčných priemyselných odvetví vo vybraných krajinách, použiteľný na hodnotenie návrhov na liberalizáciu obchodu. Objem globálnych ziskov a liberalizácie multilaterálneho obchodu pre veľké a malé krajiny. Štruktúra dopytu a výroby vybraných odvetví. Konkurenčné a nekonkurenčné odvetvia. Opatrenia na ovládnutie trhu a dovozu. 
610 2 0 |a obchod svetový 
610 2 0 |a obchod zahraničný 
610 2 0 |a liberalizácia 
610 2 0 |a modely rovnováhy 
610 2 0 |a tabuľky štatistické 
610 2 0 |a porovnanie štatistické medzinárodné 
610 2 0 |a konkurencia 
610 2 0 |a odvetvia priemyselné 
610 2 0 |a zisk 
610 2 0 |a dopyt 
610 2 0 |a štruktúra výroby 
610 2 0 |a dovoz 
610 2 0 |a trh 
100 1 |a Nguyen, T.T. 
700 1 |a Wigle, R.M.